[Event "SN-2014-0-00589"]
[Site "LSS email"]
[Date "2014.04.27"]
[Round "?"]
[White "Smith, Harry E"]
[Black "Raines, David T"]
[Result "0-1"]
[WhiteElo "652"]
[BlackElo "939"]
[PlyCount "78"]
[EventDate "2014.04.08"]
[EventType "tourn (corr)"]
[EventRounds "6"]
[EventCountry "GER"]
[SourceTitle "Corr 2015"]
[Source "ChessBase"]
[SourceDate "2015.07.17"]
[SourceVersion "1"]
[SourceVersionDate "2015.07.17"]
[SourceQuality "1"]

1. e4 c5 2. d4 cxd4 3. Qxd4 Nc6 4. Qe3 d6 5. Nf3 e5 6. g3 Nf6 7. Bg2 Be7 8. 0-0 0-0 9. Nc3 Be6 10. Ne2 h6 11. b3 Ng4 12. Qd2 Rc8 13. c3 f5 14. exf5 Bxf5 15. Bh3 Qd7 16. Bxg4 Bxg4 17. Ne1 Bg5 18. Qd3 Bf5 19. Qd5+ Be6 20. Qe4 d5 21. Qa4 Bf6 22. Nd3 b6 23. Be3 d4 24. cxd4 exd4 25. Bxd4 Nxd4 26. Qxd7 Nxe2+ 27. Kg2 Bxd7 28. Rad1 Bc6+ 29. f3 Nd4 30. Nb4 Bxf3+ 31. Rxf3 Nxf3 32. Kxf3 Bc3+ 33. Kg2 Bxb4 34. Rd4 Rc2+ 35. Kh3 Bc5 36. Ra4 a5 37. a3 Rff2 38. Rf4 Rxf4 39. gxf4 Rc3+ 0-1

[Event "SN-2014-0-00588"]
[Site "LSS email"]
[Date "2014.04.21"]
[Round "?"]
[White "Neumann, Frank"]
[Black "Smith, Harry E"]
[Result "0-1"]
[WhiteElo "587"]
[BlackElo "652"]
[PlyCount "62"]
[EventDate "2014.03.25"]
[EventType "tourn (corr)"]
[EventRounds "6"]
[EventCountry "GER"]
[SourceTitle "Corr 2015"]
[Source "ChessBase"]
[SourceDate "2015.07.17"]
[SourceVersion "1"]
[SourceVersionDate "2015.07.17"]
[SourceQuality "1"]

1. e4 e6 2. Nf3 d5 3. exd5 Qxd5 4. Be2 Bd6 5. 0-0 Nf6 6. Nc3 Qc5 7. d4 Qb6 8. Be3 Qxb2 9. Bd2 Nc6 10. Rb1 Qa3 11. Nb5 Qxa2 12. Nxd6+ cxd6 13. Bc3 0-0 14. Ra1 Qd5 15. Qb1 Ne4 16. Bb2 e5 17. dxe5 dxe5 18. Rd1 Qe6 19. c4 a6 20. Ra4 Qg6 21. Nxe5 Nxe5 22. Bxe5 Bh3 23. Bf3 Nc5 24. Ra5 Qxb1 25. Rxb1 Bf5 26. Rb2 Nd3 27. Re2 Rfe8 28. Bg3 Rxe2 29. Bxe2 Re8 30. Bxd3 Bxd3 31. c5 Re1# 0-1

[Event "SN-2014-0-00588"]
[Site "LSS email"]
[Date "2014.04.21"]
[Round "?"]
[White "Smith, Harry E"]
[Black "Fridich, Vaclav Sr"]
[Result "0-1"]
[WhiteElo "652"]
[BlackElo "910"]
[PlyCount "58"]
[EventDate "2014.03.25"]
[EventType "tourn (corr)"]
[EventRounds "6"]
[EventCountry "GER"]
[SourceTitle "Corr 2015"]
[Source "ChessBase"]
[SourceDate "2015.07.17"]
[SourceVersion "1"]
[SourceVersionDate "2015.07.17"]
[SourceQuality "1"]

1. e4 c5 2. d3 g6 3. Nf3 d6 4. g3 Bg7 5. Bg2 Nf6 6. 0-0 0-0 7. Nc3 Nc6 8. Be3 b6 9. Rb1 Bb7 10. a3 e5 11. Bg5 Qd7 12. Bxf6 Bxf6 13. b3 Bg7 14. Nd5 Ne7 15. Nxe7+ Qxe7 16. c4 f5 17. Re1 Rad8 18. exf5 Rxf5 19. b4 Qf7 20. Re3 Bh6 21. g4 Rf4 22. h3 Rf6 23. Re1 Bxf3 24. Qc2 Bxg2 25. Kxg2 Rf8 26. Rf1 Rf3 27. b5 Qf6 28. Rb2 Be3 29. a4 Qh4 0-1

[Event "SN-2014-0-00588"]
[Site "LSS email"]
[Date "2014.04.21"]
[Round "?"]
[White "Smith, Harry E"]
[Black "Pauk, Jozef"]
[Result "0-1"]
[WhiteElo "652"]
[BlackElo "754"]
[PlyCount "70"]
[EventDate "2014.03.25"]
[EventType "tourn (corr)"]
[EventRounds "6"]
[EventCountry "GER"]
[SourceTitle "Corr 2015"]
[Source "ChessBase"]
[SourceDate "2015.07.17"]
[SourceVersion "1"]
[SourceVersionDate "2015.07.17"]
[SourceQuality "1"]

1. e4 c5 2. d3 e5 3. Nf3 d6 4. g3 Bg4 5. Bg2 h6 6. 0-0 Nc6 7. Nc3 Nf6 8. h3 Bh5 9. b3 g5 10. Qd2 Bxf3 11. Bxf3 Qd7 12. Nd5 Nxd5 13. exd5 Nd4 14. Bg4 f5 15. Bd1 f4 16. g4 Qf7 17. c3 Nb5 18. c4 Nc7 19. a4 Bg7 20. f3 h5 21. Qg2 e4 22. Bb2 Bxb2 23. Rb1 Bd4+ 24. Kh1 e3 25. Be2 0-0-0 26. b4 Rh7 27. b5 b6 28. Kg1 Rdh8 29. Rb3 hxg4 30. Qxg4+ Kb7 31. Kg2 Rxh3 32. Qxh3 Rxh3 33. Kxh3 Qh5+ 34. Kg2 Qh4 35. Rh1 Qg3+ 0-1

[Event "RN-2014-0-00769"]
[Site "LSS email"]
[Date "2014.02.25"]
[Round "?"]
[White "Smith, Harry E"]
[Black "Cherry, Brian"]
[Result "1-0"]
[WhiteElo "679"]
[BlackElo "713"]
[PlyCount "73"]
[EventDate "2014.02.16"]
[EventType "tourn (corr)"]
[EventRounds "6"]
[EventCountry "GER"]
[SourceTitle "Telechess CBM 167"]
[Source "ChessBase"]
[SourceDate "2015.07.13"]
[SourceVersion "1"]
[SourceVersionDate "2015.07.13"]
[SourceQuality "1"]

1. e4 e5 2. Nf3 Nc6 3. g3 Bc5 4. Bg2 h6 5. 0-0 Nf6 6. d3 d5 7. h3 Be6 8. Nh4 g5 9. Nf5 Rh7 10. c3 d4 11. b4 Bb6 12. a4 dxc3 13. b5 Nd4 14. Nxd4 Qxd4 15. Qc2 Ba5 16. Ra3 Rd8 17. Nxc3 Qxd3 18. Qxd3 Rxd3 19. Bb2 Nd7 20. Nd5 Rxa3 21. Bxa3 f5 22. exf5 Bxf5 23. Bb4 Bxb4 24. Nxb4 Nc5 25. Re1 e4 26. a5 Rd7 27. a6 b6 28. Nc6 Rd5 29. Nxa7 Rd4 30. Nc6 Ra4 31. Rd1 Nd3 32. Kf1 Kf7 33. Kg1 Ke6 34. Bf1 Ra2 35. Nd4+ Ke5 36. Bxd3 Kxd4 37. Bb1+ 1-0

[Event "RN-2014-0-00764"]
[Site "LSS email"]
[Date "2014.02.13"]
[Round "?"]
[White "Salinas, Evin"]
[Black "Smith, Harry E"]
[Result "0-1"]
[WhiteElo "740"]
[BlackElo "679"]
[PlyCount "72"]
[EventDate "2014.02.03"]
[EventType "tourn (corr)"]
[EventRounds "6"]
[EventCountry "GER"]
[SourceTitle "Telechess CBM 167"]
[Source "ChessBase"]
[SourceDate "2015.07.13"]
[SourceVersion "1"]
[SourceVersionDate "2015.07.13"]
[SourceQuality "1"]

1. d4 d5 2. c4 e6 3. Nf3 dxc4 4. e3 b5 5. Be2 Be7 6. Ne5 Nf6 7. Nc3 a6 8. Bh5 Nxh5 9. Qxh5 0-0 10. 0-0 Bf6 11. Rd1 Bb7 12. e4 g6 13. Qh3 Bxe5 14. Bh6 Bg7 15. Re1 Qxd4 16. Rad1 Qe5 17. f4 Qf6 18. Re3 Bxh6 19. Qxh6 Nd7 20. Rh3 Qh8 21. Rxd7 Rac8 22. Ne2 Bc6 23. e5 Bxd7 24. Ng3 Qg7 25. Ne4 Qxh6 26. Rxh6 Kg7 27. Rh3 Bc6 28. Nf6 h6 29. g4 Rcd8 30. g5 h5 31. Ra3 Rd1+ 32. Kf2 Rd2+ 33. Ke3 Rxh2 34. Rxa6 Bh1 35. Nd7 Rd8 36. Nf6 Rd3# 0-1

[Event "RN-2014-0-00764"]
[Site "LSS email"]
[Date "2014.02.13"]
[Round "?"]
[White "Smith, Harry E"]
[Black "Lombardi, Donato"]
[Result "0-1"]
[WhiteElo "679"]
[BlackElo "875"]
[PlyCount "66"]
[EventDate "2014.02.03"]
[EventType "tourn (corr)"]
[EventRounds "6"]
[EventCountry "GER"]
[SourceTitle "Telechess CBM 167"]
[Source "ChessBase"]
[SourceDate "2015.07.13"]
[SourceVersion "1"]
[SourceVersionDate "2015.07.13"]
[SourceQuality "1"]

1. e4 e6 2. e5 d5 3. d4 c5 4. c3 Nc6 5. Nf3 cxd4 6. cxd4 Qb6 7. b3 Bb4+ 8. Bd2 Nxd4 9. g3 Ne7 10. Bg2 Bd7 11. 0-0 Rc8 12. Be3 Nxf3+ 13. Bxf3 Qc7 14. a3 Bc5 15. Bxc5 Qxc5 16. b4 Qc2 17. Nd2 0-0 18. Nb3 Ba4 19. Qxc2 Rxc2 20. Nc5 Bc6 21. Rfc1 Rxc1+ 22. Rxc1 Ng6 23. Rb1 Nxe5 24. Bg2 Nc4 25. Rb3 b6 26. Nd3 Bb5 27. Nc1 Rc8 28. Na2 a6 29. Rc3 Nd6 30. Re3 Rc2 31. Nc3 d4 32. Nxb5 dxe3 33. Nxd6 e2 0-1

[Event "RN-2014-0-00764"]
[Site "LSS email"]
[Date "2014.02.13"]
[Round "?"]
[White "Smith, Harry E"]
[Black "Newton, Daryl"]
[Result "1-0"]
[WhiteElo "679"]
[BlackElo "531"]
[PlyCount "71"]
[EventDate "2014.02.03"]
[EventType "tourn (corr)"]
[EventRounds "6"]
[EventCountry "GER"]
[SourceTitle "Telechess CBM 167"]
[Source "ChessBase"]
[SourceDate "2015.07.13"]
[SourceVersion "1"]
[SourceVersionDate "2015.07.13"]
[SourceQuality "1"]

1. e4 e5 2. Nf3 Qf6 3. d3 Nh6 4. g3 Bc5 5. Bxh6 Qxh6 6. Bg2 d5 7. exd5 Qd6 8. c4 Bb6 9. 0-0 Nd7 10. Nc3 Nf6 11. Ne4 Ng4 12. Nxd6+ cxd6 13. a4 Bxf2+ 14. Rxf2 Nxf2 15. Kxf2 Bg4 16. Kg1 0-0 17. Qb3 b6 18. Nd2 Rae8 19. Ne4 Rd8 20. Qb5 f5 21. Nf2 Rf6 22. a5 f4 23. Nxg4 Rf5 24. axb6 axb6 25. Qxb6 Rdf8 26. Qxd6 h5 27. Nxe5 h4 28. Ng6 R8f6 29. Qd8+ Kh7 30. Nxh4 Rh5 31. Be4+ Kh6 32. Qh8+ Kg5 33. Nf3+ Kg4 34. Qxg7+ Rg6 35. Qxg6+ Kh3 36. Qxh5# 1-0

[Event "RN-2014-0-00764"]
[Site "LSS email"]
[Date "2014.02.13"]
[Round "?"]
[White "Smith, Harry E"]
[Black "Vontina, Maria"]
[Result "0-1"]
[WhiteElo "679"]
[BlackElo "738"]
[PlyCount "102"]
[EventDate "2014.02.03"]
[EventType "tourn (corr)"]
[EventRounds "6"]
[EventCountry "GER"]
[SourceTitle "Telechess CBM 167"]
[Source "ChessBase"]
[SourceDate "2015.07.13"]
[SourceVersion "1"]
[SourceVersionDate "2015.07.13"]
[SourceQuality "1"]

1. e4 e6 2. d3 d5 3. e5 Ne7 4. d4 Ng6 5. c3 Be7 6. Nf3 0-0 7. g3 a6 8. Bg2 Bd7 9. 0-0 c5 10. Na3 Nc6 11. Bd2 b5 12. Qc1 Rc8 13. Bg5 cxd4 14. Bxe7 Qxe7 15. Qd2 dxc3 16. bxc3 Na5 17. Nc2 Nc4 18. Qc1 Ncxe5 19. Nxe5 Nxe5 20. Qd2 Qc5 21. a3 Qxc3 22. Qe2 Ng6 23. Nb4 a5 24. Nd3 Qd4 25. Rad1 Qa4 26. Ra1 Qc2 27. Qe3 Qc3 28. Rfc1 Qf6 29. Rf1 Qe7 30. Qd4 Qd6 31. Rac1 Rxc1 32. Nxc1 Qxa3 33. Nd3 Rc8 34. Ne5 Nxe5 35. Qxe5 Qe7 36. Ra1 a4 37. Bf1 Qc5 38. Kg2 Qc3 39. Qxc3 Rxc3 40. Rb1 Rc5 41. Rb2 Kf8 42. Bd3 Ke7 43. Bxh7 g6 44. h4 Kf6 45. h5 Kg7 46. hxg6 fxg6 47. Bxg6 Kxg6 48. Kf3 Kg5 49. Kg2 e5 50. f3 Rc4 51. Ra2 b4 0-1

[Event "RN-2014-0-00764"]
[Site "LSS email"]
[Date "2014.02.12"]
[Round "?"]
[White "Venturas, Bob"]
[Black "Smith, Harry E"]
[Result "1-0"]
[WhiteElo "736"]
[BlackElo "679"]
[PlyCount "73"]
[EventDate "2014.02.03"]
[EventType "tourn (corr)"]
[EventRounds "6"]
[EventCountry "GER"]
[SourceTitle "Telechess CBM 167"]
[Source "ChessBase"]
[SourceDate "2015.07.13"]
[SourceVersion "1"]
[SourceVersionDate "2015.07.13"]
[SourceQuality "1"]

1. d4 d5 2. Nc3 e6 3. a3 c6 4. Nf3 Qc7 5. e4 Nf6 6. e5 Nfd7 7. Bd3 Be7 8. 0-0 0-0 9. Ne2 c5 10. c3 c4 11. Bc2 Re8 12. Ng3 Nf8 13. h3 Qd8 14. Nh2 Nbd7 15. Qg4 g6 16. Bh6 b5 17. Nh5 Kh8 18. Ng7 a5 19. Qf3 f5 20. exf6 Bxf6 21. Nxe8 Qxe8 22. Rfe1 Kg8 23. Ng4 Bg7 24. Bg5 Qf7 25. Qg3 h5 26. Nh6+ Bxh6 27. Bxh6 Bb7 28. Re3 Kh7 29. Rf3 Nf6 30. Re1 Kxh6 31. Re5 Qe7 32. Qf4+ Kg7 33. Rg3 Ne4 34. Bxe4 Bc8 35. Rxh5 Qf6 36. Qh6+ Kf7 37. Rf3 1-0

[Event "RN-2013-0-00742"]
[Site "LSS email"]
[Date "2013.12.23"]
[Round "?"]
[White "Kramskoi, Vasyl"]
[Black "Smith, Harry E"]
[Result "1-0"]
[WhiteElo "1124"]
[BlackElo "679"]
[PlyCount "81"]
[EventDate "2013.12.10"]
[EventType "tourn (corr)"]
[EventRounds "6"]
[EventCountry "GER"]
[SourceTitle "Telechess CBM 167"]
[Source "ChessBase"]
[SourceDate "2015.07.13"]
[SourceVersion "1"]
[SourceVersionDate "2015.07.13"]
[SourceQuality "1"]

1. d4 d5 2. c4 e6 3. Nf3 dxc4 4. e4 Be7 5. Qa4+ Nc6 6. Qxc4 Nf6 7. Bd3 0-0 8. 0-0 Na5 9. Qc2 b6 10. e5 Nd5 11. Bxh7+ Kh8 12. Be4 Bb7 13. a3 Ba6 14. Re1 Nc4 15. b3 Na5 16. Bd2 Nb7 17. Qc1 f6 18. Nh4 Re8 19. Ng6+ Kg8 20. Bf3 fxe5 21. dxe5 Rc8 22. Nc3 Nxc3 23. Bxc3 Bg5 24. Qb2 Bh6 25. Bc6 Nc5 26. Rad1 Nd3 27. Qb1 Qg5 28. Bxe8 Nxe1 29. Bxe1 Rxe8 30. Rd7 Bb7 31. g3 Qh5 32. Qd3 Qh3 33. f3 a5 34. Rxc7 Bd5 35. Ne7+ Kf8 36. Ng6+ Kg8 37. Bf2 Qh5 38. Ne7+ Kf8 39. Nxd5 exd5 40. f4 Rd8 41. Qh7 1-0

[Event "RN-2013-0-00742"]
[Site "LSS email"]
[Date "2013.12.23"]
[Round "?"]
[White "Smith, Harry E"]
[Black "Linart, Ludvik"]
[Result "0-1"]
[WhiteElo "679"]
[BlackElo "875"]
[PlyCount "70"]
[EventDate "2013.12.10"]
[EventType "tourn (corr)"]
[EventRounds "6"]
[EventCountry "GER"]
[SourceTitle "Telechess CBM 167"]
[Source "ChessBase"]
[SourceDate "2015.07.13"]
[SourceVersion "1"]
[SourceVersionDate "2015.07.13"]
[SourceQuality "1"]

1. e4 e5 2. Nf3 Nc6 3. Bb5 Nge7 4. 0-0 a6 5. Bxc6 Nxc6 6. Nc3 d6 7. d3 Be7 8. Be3 0-0 9. Qd2 Bg4 10. Ne1 f5 11. exf5 Bxf5 12. Nf3 d5 13. Bg5 Bxg5 14. Nxg5 Nd4 15. Rae1 h6 16. Nf3 Nxf3+ 17. gxf3 Bh3 18. Rxe5 Bxf1 19. Kxf1 c6 20. d4 Rxf3 21. Re3 Rf7 22. Rg3 Qh4 23. Kg2 Raf8 24. Nd1 Qe4+ 25. Kg1 Kh7 26. Re3 Qf5 27. Rg3 Rf6 28. Rg2 Re6 29. Ne3 Qf7 30. Qd3+ Re4 31. Qd2 Qf4 32. Rg4 Qf3 33. Rxe4 Qxe4 34. c3 Rf6 35. Qc1 Rg6+ 0-1

[Event "RN-2013-0-00736"]
[Site "LSS email"]
[Date "2013.12.09"]
[Round "?"]
[White "Croke, Pat"]
[Black "Smith, Harry E"]
[Result "1-0"]
[WhiteElo "711"]
[BlackElo "679"]
[PlyCount "161"]
[EventDate "2013.11.27"]
[EventType "tourn (corr)"]
[EventRounds "6"]
[EventCountry "GER"]
[SourceTitle "Telechess CBM 167"]
[Source "ChessBase"]
[SourceDate "2015.07.13"]
[SourceVersion "1"]
[SourceVersionDate "2015.07.13"]
[SourceQuality "1"]

1. e4 e6 2. d4 d5 3. e5 Be7 4. Nf3 Qd7 5. Nc3 Bd8 6. Bb5 c6 7. Ba4 Ne7 8. 0-0 0-0 9. Bg5 Nf5 10. Ne2 Bxg5 11. Nxg5 Na6 12. c3 b5 13. Bc2 c5 14. Nf4 h6 15. Ngh3 cxd4 16. cxd4 Nb4 17. Bxf5 exf5 18. Qb3 a5 19. a3 Na6 20. Qxd5 Qxd5 21. Nxd5 Kh8 22. Ne7 Re8 23. Nc6 a4 24. f4 Bd7 25. Rfc1 Bxc6 26. Rxc6 b4 27. d5 b3 28. d6 Ra7 29. Rd1 Rd8 30. d7 Kh7 31. Rdd6 Nc7 32. Nf2 Ne6 33. Nd3 Rdxd7 34. Rxd7 Rxd7 35. Rc3 Ra7 36. g3 Nd4 37. Kf2 Ra6 38. Ke3 Nc2+ 39. Kd2 Ra5 40. Rc7 Nd4 41. Rxf7 Nf3+ 42. Kc3 Nxh2 43. Kb4 Ra8 44. Rxf5 Ng4 45. Nc5 Ne3 46. Rf7 Nd5+ 47. Kc4 Kg6 48. e6 Nb6+ 49. Kb5 Nd5 50. f5+ Kh7 51. Nxa4 Nf6 52. e7 Rb8+ 53. Kc4 Re8 54. Kxb3 Ng8 55. g4 Nxe7 56. f6 Rb8+ 57. Ka2 Nd5 58. fxg7 Kg8 59. Rd7 Nf6 60. Rc7 Ne8 61. Ra7 Nxg7 62. Nc5 Rc8 63. Ne4 Rc6 64. b4 Rc2+ 65. Kb3 Re2 66. Nf6+ Kf8 67. Nh7+ Kg8 68. Nf6+ Kf8 69. g5 hxg5 70. Nh7+ Kg8 71. Nxg5 Re3+ 72. Ka4 Nf5 73. Rd7 Rg3 74. Ne4 Re3 75. Nc5 Kf8 76. Nd3 Ne7 77. b5 Re4+ 78. Ka5 Ke8 79. Nc5 Re5 80. Kb6 Rxc5 81. Rxe7+ 1-0

[Event "RN-2013-0-00736"]
[Site "LSS email"]
[Date "2013.12.09"]
[Round "?"]
[White "Smith, Harry E"]
[Black "Raines, David T"]
[Result "0-1"]
[WhiteElo "679"]
[BlackElo "895"]
[PlyCount "62"]
[EventDate "2013.11.27"]
[EventType "tourn (corr)"]
[EventRounds "6"]
[EventCountry "GER"]
[SourceTitle "Telechess CBM 167"]
[Source "ChessBase"]
[SourceDate "2015.07.13"]
[SourceVersion "1"]
[SourceVersionDate "2015.07.13"]
[SourceQuality "1"]

1. e4 c5 2. d3 d6 3. Nf3 Nc6 4. g3 g6 5. Bg2 Bg7 6. 0-0 Bg4 7. Nbd2 Nf6 8. h3 Be6 9. c3 0-0 10. b3 Qd7 11. c4 Bxh3 12. Ng5 Bxg2 13. Kxg2 Nxe4 14. Rb1 Nxg5 15. Rh1 Qf5 16. Qe2 Nd4 17. Qe3 Rae8 18. Bb2 e5 19. Rbe1 Nc2 20. Qe2 Nxe1+ 21. Qxe1 Qxd3 22. Bc1 Qf5 23. a4 e4 24. Qe3 Nf3 25. Nf1 Nd4 26. Rh2 Qf3+ 27. Qxf3 exf3+ 28. Kg1 Ne2+ 29. Kh1 Nxc1 30. Rh4 Re1 31. Kg1 Ne2+ 0-1